| 000 | 01033pam a2200325 a 4500 | ||
|---|---|---|---|
| 001 | 1667 | ||
| 005 | 20231122151955.0 | ||
| 020 | _a9780688115692 | ||
| 040 |
_aDLC _cDLC _dDLC _beng |
||
| 050 | 0 | 0 |
_aPS3566.R36 _bT97 1988 |
| 082 | 0 | 0 |
_a811.54 _219 |
| 100 | 1 | _aPrelutsky, Jack | |
| 245 | 1 | 0 |
_aTyrannosaurus was a beast / _cdinosaur poems by Jack Prelutsky ; illustrated by Arnold Lobel. |
| 250 | _aFirst Mulberry Edition, 1992 | ||
| 260 |
_aNew York : _bGreenwillow Books _c1988 |
||
| 300 |
_a31 pages : _bcolor illustrations ; _c21 cm |
||
| 490 | _aMulberry books | ||
| 500 | _aIll. on lining papers. | ||
| 505 | _aK | ||
| 520 | _aA collection of humorous poems about dinosaurs. | ||
| 521 |
_a510
_bLexile |
||
| 521 |
_aK
_bRaz-Plus |
||
| 650 | 0 |
_aDinosaurs _xJuvenile poetry. |
|
| 650 | 0 | _aChildren's poetry, American. | |
| 650 | 1 |
_aDinosaurs _xPoetry. |
|
| 650 | 1 | _aAmerican poetry. | |
| 700 | 1 |
_aLobel, Arnold _eillustrator |
|
| 906 |
_a7 _bcbc _corignew _d1 _eocip _f19 _gy-gencatlg |
||
| 942 |
_2ddc _cBK _n0 |
||
| 999 |
_c1667 _d1667 |
||